Statistics for Dick Turpin

Click here to take the quiz!

General Stats

  • This quiz has been taken 20 times
  • The average score is 7 of 12

Answer Stats

HintAnswer% Correct
How was he executed?Hanged
87%
The apocryphal name of his horse was what?Black Bess
80%
What was his profession? (Be specific)Highwayman
80%
He was caught by a what who had taught him how to write?Postman | Mailman
73%
What was his original profession?Butcher
67%
Was arrested for stealing what?Chickens
60%
Where did he live? (Be specific)Essex
60%
What era was it when Dick Turpin lived?Georgian Era
60%
Dick Turpin's fake nameJohn Palmer
60%
He wrote a letter to which relative? (Be specific)Brother-in-Law
47%
He was also a what?Poacher
47%
His comradeTom King
20%

Score Distribution

Percentile by Number Answered

Percent of People with Each Score

Your Score History

You have not taken this quiz